00516nam a2200169 i 4500001000300000245005500003260002100058700002600079040000800105041000800113080001300121942000700134008004100141999001700182856009800199952004900297bg 0aEncyklopedia seniora /c[kom. red. Irena Borsowa]. aWarszawa,c1986.1 aBorsowa, Irena.eRed. cBPK apol a03-053.9 cKS s pl f |000 0 pol  c23207d23207 uhttp://koha.tu.koszalin.pl/cgi-bin/koha/opac-detail.pl?biblionumber=23207yKatalog online BPK 00104070aBPKbBPKcwo33255p01579727yKS